Loading...
| Fine Arts - Visual | 2 | 3 | 0 | 2 | 60 | 31 | 98.40 | 3 | 5 | 0.00 | 0.00 |
| 2 | 2 | 0 | 0 | 50 | 51 | 93.50 | 1 | 4 | 0.00 | 0.00 | |
| Literature - European | 0 | 4 | 0 | 0 | 40 | 116 | 129.75 | 2 | 4 | 0.00 | 0.00 |
| Other Arts: Auditory | 1 | 2 | 1 | 0 | 30 | 24 | 95.67 | 2 | 3 | 0.00 | 0.00 |
| Literature - British | 0 | 3 | 0 | 0 | 30 | 125 | 131.00 | 1 | 3 | 0.00 | 0.00 |
| Philosophy | 0 | 4 | 2 | 0 | 30 | 109 | 131.50 | 1 | 4 | 0.00 | 0.00 |
| Science - Biology | 1 | 1 | 0 | 0 | 25 | 69 | 107.00 | 0 | 2 | 0.00 | 0.00 |
| History - American | 0 | 3 | 1 | 1 | 25 | 83 | 105.00 | 0 | 3 | 0.00 | 0.00 |
| Beliefs | 0 | 2 | 0 | 0 | 20 | 83 | 90.50 | 1 | 2 | 0.00 | 0.00 |
| Science - Physics | 0 | 2 | 0 | 0 | 20 | 88 | 103.00 | 2 | 2 | 0.00 | 0.00 |
| History - World | 0 | 2 | 0 | 1 | 20 | 86 | 116.50 | 1 | 2 | 0.00 | 0.00 |
| History - European | 0 | 1 | 0 | 0 | 10 | 108 | 108.00 | 1 | 1 | 0.00 | 0.00 |
| Social Science | 0 | 1 | 0 | 0 | 10 | 87 | 87.00 | 1 | 1 | 0.00 | 0.00 |
| Other Academic | 0 | 1 | 0 | 0 | 10 | 78 | 78.00 | 1 | 1 | 0.00 | 0.00 |
| Other Science: Math | 0 | 1 | 0 | 0 | 10 | 100 | 100.00 | 1 | 1 | 0.00 | 0.00 |
| Current Events | 0 | 1 | 0 | 0 | 10 | 78 | 78.00 | 1 | 1 | 0.00 | 0.00 |
| Science - Chemistry | 0 | 1 | 0 | 0 | 10 | 123 | 123.00 | 0 | 1 | 0.00 | 0.00 |
| Literature - American | 0 | 1 | 1 | 0 | 5 | 76 | 76.00 | 1 | 1 | 0.00 | 0.00 |
| Fine Arts - Auditory | 0 | 1 | 1 | 0 | 5 | 105 | 105.00 | 0 | 1 | 0.00 | 0.00 |
| Other Science: Computer Science | 0 | 0 | 1 | 0 | -5 | 0.00 | 0 | 0 | 0.00 | 0.00 | |
| Other Science: Earth Science | 0 | 0 | 1 | 0 | -5 | 0.00 | 0 | 0 | 0.00 | 0.00 | |
| Other Arts: Visual | 0 | 0 | 1 | 0 | -5 | 0.00 | 0 | 0 | 0.00 | 0.00 |